| 000 | 00560nam a22001817a 4500 | ||
|---|---|---|---|
| 090 | _c10176 | ||
| 008 | 080915t xxu||||| |||| 00| 0 eng d | ||
| 020 | _a9780136150770 | ||
| 020 | _a0136150772 | ||
| 082 |
_222 _a620.001 _bOGA |
||
| 100 |
_9445 _aOgata, Katsuhiko |
||
| 245 |
_aMATLAB For Control Engineers / _cKatsuhiko Ogata. |
||
| 260 |
_aUpper Saddle River, New Jersey: _bPearson Prentic hall, _cc.2008. |
||
| 300 |
_a433p: _bill; _c23cm. |
||
| 500 | _aDistributer: Baccah. | ||
| 650 |
_9467 _aEngineering Mathematics-Data Processing |
||
| 942 |
_2ddc _cBB |
||
| 999 |
_c10176 _d10176 |
||